[Event "Petropavlovsk Kamchatsky-ch"]
[Site "Petropavlovsk Kamchatsky"]
[Date "2010.12.17"]
[Round "4"]
[White "Vasilenko, Artem"]
[Black "Chernih, Nikolay"]
[Result "1-0"]
[WhiteElo "2107"]
[BlackElo "2112"]
[PlyCount "85"]
[EventDate "2010.12.12"]
[EventType "swiss"]
[EventRounds "9"]
[EventCountry "RUS"]
[SourceTitle "EXT 2022"]
[Source "ChessBase"]
[SourceDate "2021.10.06"]
[SourceVersion "1"]
[SourceVersionDate "2021.10.06"]
[SourceQuality "1"]

1. d4 f5 2. c4 d6 3. Nf3 Nd7 4. d5 Ngf6 5. g3 g6 6. Bg2 Bg7 7. 0-0 0-0 8. Nd4 Ne5 9. b3 Bd7 10. Bb2 Qc8 11. Nc3 c5 12. Ne6 Bxe6 13. dxe6 Qxe6 14. Nd5 Qf7 15. f4 Neg4 16. h3 Nxd5 17. Bxd5 e6 18. Bxg7 Kxg7 19. hxg4 exd5 20. gxf5 d4 21. e3 Qe7 22. exd4 Rxf5 23. Re1 Qd7 24. dxc5 Rxc5 25. Qd4+ Kh6 26. Kf2 Rh5 27. Rh1 Qf5 28. Kf3 Qc5 29. Qxc5 dxc5 30. Rxh5+ gxh5 31. Rd1 Rg8 32. Rd6+ Rg6 33. Rd7 Rg7 34. Rxg7 Kxg7 35. f5 Kf6 36. Kf4 b6 37. a3 h6 38. a4 Kf7 39. Ke5 Ke7 40. f6+ Kf7 41. Kf5 h4 42. gxh4 h5 43. Kg5 1-0